Statistics for Europe Geography Quiz #3

Click here to take the quiz!

General Stats

  • This quiz has been taken 34,276 times
  • The average score is 12 of 20

Answer Stats

QuestionAnswer% Correct
What's the capital of Ireland?Dublin
98%
What is the official language of the Netherlands?Dutch
97%
In what country would you find the volcano of Eyjafjallajökull?Iceland
83%
Other than Cyprus, what island country can be found in the Mediterranean Sea?Malta
81%
Alphabetically, what is the first country in Europe?Albania
80%
What is the English name of the city of København?Copenhagen
77%
What is the name of Germany's highway system?The Autobahn
76%
From what Greek island do "Lesbians" come from?Lesbos
74%
What is the busiest airport serving Paris?Charles de Gaulle
71%
What are the biggest cities in Europe whose names end in "burg"?Hamburg
65%
In what English city would find a famous street named Penny Lane?Liverpool
65%
What sea is located on the eastern end of the Bosphorus?Black Sea
63%
What is France's biggest coastal city?Marseille
62%
What are Ponte Vecchio and Pont Neuf?Bridges
45%
What island chain in the Atlantic was first settled by Portugal in the 1400's?Azores
44%
After English, which language has the most speakers in the United Kingdom?Polish or Scots
35%
What mountain range, starting wth C, occupies much of the country of Romania?Carpathians
34%
What are the biggest cities in Europe whose names end in "burg"?Saint Petersburg
29%
What island in Croatia has a name that is only 3 letters long - with no vowels?Krk
17%
What region, starting with T, includes parts of Bulgaria, Greece, and Turkey?Thrace
13%

Score Distribution

Percentile by Number Answered

Percent of People with Each Score

Your Score History

You have not taken this quiz